10 Most Successful Music Artists by Decade - Statistics

General Stats
  • This quiz has been taken 313 times
    305 since last reset
  • The average score is 5 of 7
Answer Stats
Decade Artists % Correct
1960s The Beatles
92%
1980s Michael Jackson
82%
1970s Pink Floyd
81%
1950s Elvis Presley
77%
2010s Adele
75%
1990s Celine Dion
73%
2000s Eminem
65%
No matching quizzes found
Score Distribution
Percent of People with Each Score
Percentile by Number Answered
Your Score History
You have not taken this quiz since the last reset